Pictures and punishment: art and criminal prosecution during the Florentine Renaissance
| Autor principal: | |
|---|---|
| Tipo de documento: | Print Libro |
| Lenguaje: | Inglés |
| Publicado: |
Ithaca, NY [u.a.]
Cornell Univ. Press
1985
|
| En: | Año: 1985 |
| Acceso en línea: |
Índice Índice |
| Disponibilidad en Tübingen: | Disponible en Tübingen. UB: KB 18 A 1563 |
| Verificar disponibilidad: | HBZ Gateway |
| Servicio de pedido Subito: | Pedir ahora. |
| Palabras clave: |
MARC
| LEADER | 00000cam a2200000 c 4500 | ||
|---|---|---|---|
| 001 | 272504599 | ||
| 003 | DE-627 | ||
| 005 | 20260206200720.0 | ||
| 007 | tu | ||
| 008 | 861017s1985 xxu||||| 00| ||eng c | ||
| 016 | 7 | |a b8600486 |2 UK | |
| 020 | |a 0801417058 |9 0-8014-1705-8 | ||
| 035 | |a (DE-627)272504599 | ||
| 035 | |a (DE-603)052621421 | ||
| 035 | |a (DE-576)012226386 | ||
| 035 | |a (DE-599)GBV272504599 | ||
| 035 | |a (OCoLC)230809013 | ||
| 035 | |a (OCoLC)185826044 | ||
| 035 | |a (DE-604)8003024105 | ||
| 040 | |a DE-627 |b ger |c DE-627 |e rakwb | ||
| 041 | |a eng | ||
| 044 | |c XD-US |c XA-GB | ||
| 082 | 0 | |a 758/.93646/094551 | |
| 082 | 0 | |a 704.9493646 | |
| 082 | 0 | |a 364.6609 | |
| 082 | 0 | |a 758.93646094551 |2 DDC19oclc | |
| 084 | |a 9,10 |a 1 |2 ssgn | ||
| 084 | |a NR 8520 |2 rvk |0 (DE-625)rvk/130052: | ||
| 084 | |a LN 37110 |2 rvk |0 (DE-625)rvk/102012:13311 | ||
| 100 | 1 | |a Edgerton, Samuel Y. |d 1926- |0 (DE-588)124369081 |0 (DE-627)085817155 |0 (DE-576)215688783 |4 aut | |
| 109 | |a Edgerton, Samuel Y. 1926- | ||
| 245 | 1 | 0 | |a Pictures and punishment |b art and criminal prosecution during the Florentine Renaissance |c Samuel Y. Edgerton, jr. |
| 264 | 1 | |a Ithaca, NY [u.a.] |b Cornell Univ. Press |c 1985 | |
| 300 | |a 243 S. |b zahlr. Ill., 1 Kt. | ||
| 336 | |a Text |b txt |2 rdacontent | ||
| 337 | |a ohne Hilfsmittel zu benutzen |b n |2 rdamedia | ||
| 338 | |a Band |b nc |2 rdacarrier | ||
| 583 | 1 | |a Archivierung/Langzeitarchivierung gewährleistet |f SSG |x XA-DE-BW |2 pdager |5 DE-21 | |
| 583 | 1 | |a Archivierung/Langzeitarchivierung gewährleistet |f SSG |x XA-DE-BW |2 pdager |5 DE-16 | |
| 648 | 7 | |a Geschichte 1420-1600 |2 gnd | |
| 650 | 0 | 7 | |0 (DE-588)4049450-0 |0 (DE-627)104117257 |0 (DE-576)209082151 |a Renaissance |2 gnd |
| 650 | 0 | 7 | |0 (DE-588)4114333-4 |0 (DE-627)105822957 |0 (DE-576)209483733 |a Kunst |2 gnd |
| 650 | 0 | 7 | |0 (DE-588)4057785-5 |0 (DE-627)106149474 |0 (DE-576)209123699 |a Strafe |2 gnd |
| 650 | 4 | |a Geschichte 1300-1600 | |
| 650 | 4 | |a Geschichte 1420-1600 | |
| 650 | 4 | |a Strafgerichtsbarkeit ; Motiv | |
| 651 | 7 | |0 (DE-588)4017581-9 |0 (DE-627)106329197 |0 (DE-576)208920560 |a Florenz |2 gnd | |
| 689 | 0 | 0 | |d g |0 (DE-588)4017581-9 |0 (DE-627)106329197 |0 (DE-576)208920560 |a Florenz |2 gnd |
| 689 | 0 | 1 | |d s |0 (DE-588)4057785-5 |0 (DE-627)106149474 |0 (DE-576)209123699 |a Strafe |2 gnd |
| 689 | 0 | 2 | |d s |0 (DE-588)4114333-4 |0 (DE-627)105822957 |0 (DE-576)209483733 |a Kunst |2 gnd |
| 689 | 0 | 3 | |a z |2 gnd |a Geschichte 1420-1600 |
| 689 | 0 | |5 (DE-627) | |
| 689 | 1 | 0 | |d s |0 (DE-588)4049450-0 |0 (DE-627)104117257 |0 (DE-576)209082151 |a Renaissance |2 gnd |
| 689 | 1 | 1 | |d s |0 (DE-588)4114333-4 |0 (DE-627)105822957 |0 (DE-576)209483733 |a Kunst |2 gnd |
| 689 | 1 | 2 | |d s |0 (DE-588)4057785-5 |0 (DE-627)106149474 |0 (DE-576)209123699 |a Strafe |2 gnd |
| 689 | 1 | 3 | |a z |2 gnd |a Geschichte 1420-1600 |
| 689 | 1 | |5 (DE-627) | |
| 689 | 2 | 0 | |d g |0 (DE-588)4017581-9 |0 (DE-627)106329197 |0 (DE-576)208920560 |a Florenz |2 gnd |
| 689 | 2 | 1 | |d s |0 (DE-588)4183472-0 |0 (DE-627)105302465 |0 (DE-576)210018860 |a Strafjustiz |2 gnd |
| 689 | 2 | 2 | |a z |2 gnd |a Geschichte 1300-1600 |
| 689 | 2 | |5 (DE-627) | |
| 689 | 3 | 0 | |d g |0 (DE-588)4017581-9 |0 (DE-627)106329197 |0 (DE-576)208920560 |a Florenz |2 gnd |
| 689 | 3 | 1 | |d s |0 (DE-588)4183472-0 |0 (DE-627)105302465 |0 (DE-576)210018860 |a Strafjustiz |2 gnd |
| 689 | 3 | 2 | |d s |0 (DE-588)4060306-4 |0 (DE-627)10614006X |0 (DE-576)209134682 |a Todesstrafe |2 gnd |
| 689 | 3 | 3 | |d s |0 (DE-588)4114333-4 |0 (DE-627)105822957 |0 (DE-576)209483733 |a Kunst |2 gnd |
| 689 | 3 | 4 | |d s |0 (DE-588)4026535-3 |0 (DE-627)104675268 |0 (DE-576)208966870 |a Ikonografie |2 gnd |
| 689 | 3 | 5 | |d s |0 (DE-588)4055772-8 |0 (DE-627)106156845 |0 (DE-576)20911536X |a Sozialgeschichte |2 gnd |
| 689 | 3 | |5 (DE-627) | |
| 856 | 4 | 2 | |u http://library.mpib-berlin.mpg.de/toc/z2012_664.pdf |m V:DE-601 |m B:B-1532 |q application/pdf |x Verlag |y Inhaltsverzeichnis |3 Inhaltsverzeichnis |7 1 |
| 856 | 4 | 2 | |u http://scans.hebis.de/HEBCGI/show.pl?05262142_toc.pdf |m V:DE-605;X:Imageware |q application/pdf |3 Inhaltsverzeichnis |7 1 |
| 889 | |w (DE-627)024161705 | ||
| 935 | |i mdedup | ||
| 935 | |i Blocktest | ||
| 935 | |h HEB |i 0501 | ||
| 935 | |h HEB |i 0503 | ||
| 936 | r | v | |a NR 8520 |b Florenz |k Geschichte |k Landes- und Stadtgeschichte (Allgemeine, Deutsche und Österreichische Landes- und Stadtgeschichte, Ausländische Stadtgeschichte, Geschichte der Auslanddeutschen) |k Geschichte ausländischer Städte |k Europäische Städte |k Städte F |k Florenz |0 (DE-627)1270931830 |0 (DE-625)rvk/130052: |0 (DE-576)200931830 |
| 936 | r | v | |a LN 37110 |b Malerei (einschließlich Buchmalerei) |k Kunstgeschichte |k Kunst nach Ländern bzw. Kontinenten |k Italien |k Kunsttopografie Italiens |k Alphabetische Liste der italienischen Orte |k Orte F |k Florenz |k Kunstgeschichte |k Malerei (einschließlich Buchmalerei) |0 (DE-627)1271583062 |0 (DE-625)rvk/102012:13311 |0 (DE-576)201583062 |
| 936 | s | n | |a l300 |2 mzub |
| 936 | s | n | |a n100 |2 mzub |
| 951 | |a BO | ||
| ELC | |b 1 | ||
| LOK | |0 000 xxxxxcx a22 zn 4500 | ||
| LOK | |0 001 3245261896 | ||
| LOK | |0 003 DE-627 | ||
| LOK | |0 004 272504599 | ||
| LOK | |0 005 20020307000000 | ||
| LOK | |0 008 900717||||||||||||||||ger||||||| | ||
| LOK | |0 040 |a DE-21 |c DE-627 |d DE-21 | ||
| LOK | |0 852 |a DE-21 | ||
| LOK | |0 852 1 |c KB 18 A 1563 |9 00 | ||
| LOK | |0 935 |a krim | ||
| LOK | |0 936ln |a k1 | ||
| LOK | |0 939 |a 17-07-90 |b l01 | ||
| ORI | |a SA-MARC-krimdoka001.raw | ||
| SIG | |a UB: KB 18 A 1563 | ||
| TIM | |a 100014200101_100016001231 |b Geschichte 1420-1600 | ||
